Sizwe elikantulo-- : (Record no. 2756)
[ view plain ]
| 000 -LEADER | |
|---|---|
| fixed length control field | 00757nam a22002657a 4500 |
| 001 - CONTROL NUMBER | |
| control field | 12973188 |
| 003 - CONTROL NUMBER IDENTIFIER | |
| control field | GZU |
| 005 - DATE AND TIME OF LATEST TRANSACTION | |
| control field | 20201105144000.0 |
| 008 - FIXED-LENGTH DATA ELEMENTS--GENERAL INFORMATION | |
| fixed length control field | 020827s2000 rh 000 1 nde |
| 010 ## - LIBRARY OF CONGRESS CONTROL NUMBER | |
| LC control number | 2002345797 |
| 020 ## - INTERNATIONAL STANDARD BOOK NUMBER | |
| International Standard Book Number | 1779003846 |
| 035 ## - SYSTEM CONTROL NUMBER | |
| System control number | (DLC) 2002345797 |
| 040 ## - CATALOGING SOURCE | |
| Original cataloging agency | DLC |
| Transcribing agency | DLC |
| 042 ## - AUTHENTICATION CODE | |
| Authentication code | lcode |
| 050 00 - LIBRARY OF CONGRESS CALL NUMBER | |
| Classification number | PL8842 |
| Item number | MHL 2000 |
| 100 1# - MAIN ENTRY--PERSONAL NAME | |
| Personal name | Mhlabi, Stephen J. M. |
| Relator term | author |
| 245 10 - TITLE STATEMENT | |
| Title | Sizwe elikantulo-- : |
| Remainder of title | iqoqo lezinganekwane / |
| Statement of responsibility, etc. | S.J.M. Mhlabi. |
| 260 ## - PUBLICATION, DISTRIBUTION, ETC. | |
| Place of publication, distribution, etc. | Harare, Zimbabwe : |
| Name of publisher, distributor, etc. | College Press, |
| Date of publication, distribution, etc. | 2000. |
| 300 ## - PHYSICAL DESCRIPTION | |
| Extent | 142 p. ; |
| Dimensions | 21 cm. |
| 520 ## - SUMMARY, ETC. | |
| Summary, etc. | Folktales. |
| 546 ## - LANGUAGE NOTE | |
| Language note | In Ndebele. |
| 906 ## - LOCAL DATA ELEMENT F, LDF (RLIN) | |
| a | 7 |
| b | cbc |
| c | origode |
| d | 3 |
| e | ncip |
| f | 20 |
| g | y-gencatlg |
| 942 ## - ADDED ENTRY ELEMENTS (KOHA) | |
| Source of classification or shelving scheme | Library of Congress Classification |
| Koha item type | Books |
| Classification part | 8842 |
| Item part | MHL |
| Call number prefix | PL |
| Withdrawn status | Lost status | Source of classification or shelving scheme | Damaged status | Not for loan | Collection code | Home library | Current library | Shelving location | Date acquired | Total Checkouts | Full call number | Barcode | Date last seen | Date last checked out | Copy number | Price effective from | Koha item type | Inventory number |
|---|---|---|---|---|---|---|---|---|---|---|---|---|---|---|---|---|---|---|
| Library of Congress Classification | Non-fiction | City Campus Library | City Campus Library | General Stacks | 11/05/2020 | 1 | PL8842 MHL 2000 | 010976 | 05/11/2023 | 04/27/2023 | c. 1 | 11/05/2020 | Books | |||||
| Fiction | City Campus Library | City Campus Library | 03/25/2021 | PL8842 MHL 2000 | G21567 | 03/25/2021 | c-2 | 03/25/2021 | Books | |||||||||
| Fiction | City Campus Library | City Campus Library | General Stacks | 03/25/2021 | PL 8842 MHL 2000 | G22156 | 05/26/2021 | c.3 | 03/25/2021 | Books | G22156 |